Prospecto / La Iberia, Sociedad Mútua de Seguros contra Accidentes Personales del Trabajo
Descripción Física:
11 p. ; 14 cm
MARC
| LEADER | 00000nam a2200000Ia 4500 | ||
|---|---|---|---|
| 001 | 16501 | ||
| 003 | BGR | ||
| 005 | 20260324180147.0 | ||
| 008 | 160829s1900 xx 000 0 cat d | ||
| 080 | |a 2324, exp. 9 | ||
| 110 | 2 | |a La Iberia, Sociedad Mutua de Seguros contra Accidentes Personales del Trabajo |9 71351 | |
| 245 | |a Prospecto / La Iberia, Sociedad Mútua de Seguros contra Accidentes Personales del Trabajo | ||
| 260 | |a Barcelona : |b (Tip. Española), |c 1900 | ||
| 300 | |a 11 p. ; |c 14 cm | ||
| 650 | |a La Iberia, Sociedad Mútua de Seguros contra Accidentes Personales del Trabajo |x Estatuts |9 48175 | ||
| 901 | |a Arxiu | ||
| 942 | |n 1 |2 udc |c MON | ||
| 952 | |0 0 |1 0 |4 0 |6 2324_EXP_9 |7 1 |9 54364 |a Arxiu |b Arxiu |d 2016-12-01 |l 0 |o 2324, exp. 9 |p 16501 |r 2016-12-01 00:00:00 |w 2016-12-01 |y ARXIU | ||
| 999 | |c 58233 |d 58233 | ||